Occidente durante los siglos xiv y xv: aspectos económicos y sociales /

Guardado en:
Autor Principal: Heers, Jacques
Formato: Libro
Publicado: España : Labor, 1976
Edición:2
Series:Nueva Cl¡o, 23
Materias:
Etiquetas: Agregar Etiqueta
Sin Etiquetas, Sea el primero en etiquetar este registro!
LEADER 00592nam a22002055a 4500
001 CEM.cems003185
005 19000101000000.0
008 130507s1976##################000#0#####d
003 CEMS
082 0 4 |a 940.1 
100 1 |a Heers, Jacques 
245 1 0 |a Occidente durante los siglos xiv y xv: aspectos económicos y sociales /  |c Jacques Heers 
250 |a 2 
260 |a España :  |b Labor,  |c 1976 
300 |a 438 p. 
490 0 |a Nueva Cl¡o, 23 
653 |a Historia 
653 |a Historia de europa 
653 |a Historia medieval 
859 |a CEMS  |b BIB. CEMS - 11 de abril  |h 940.1  |i H361a2  |p 9006.81  |t Ej.1